ការដកស្រង់ទំលាប់នៃការអនុវត្តន៍កិច្ចការពារដំណាំស្រូវរវបស់កសិករនៅស្រុកទីរួមខេត្ត ខេត្តតាកែវ (Record no. 166)

000 -LEADER
fixed length control field 00658nam a22001577a 4500
003 - CONTROL NUMBER IDENTIFIER
control field OSt
005 - DATE AND TIME OF LATEST TRANSACTION
control field 20150909152606.0
008 - FIXED-LENGTH DATA ELEMENTS--GENERAL INFORMATION
fixed length control field 150909b xxu||||| |||| 00| 0 eng d
040 ## - CATALOGING SOURCE
Transcribing agency RUA
082 ## - DEWEY DECIMAL CLASSIFICATION NUMBER
Classification number AGR ប៉ាន់​ 1994 B008 Or.1
100 ## - MAIN ENTRY--PERSONAL NAME
9 (RLIN) 184
Personal name ប៉ាន់ សុដាវី
245 ## - TITLE STATEMENT
Title ការដកស្រង់ទំលាប់នៃការអនុវត្តន៍កិច្ចការពារដំណាំស្រូវរវបស់កសិករនៅស្រុកទីរួមខេត្ត ខេត្តតាកែវ
260 ## - PUBLICATION, DISTRIBUTION, ETC. (IMPRINT)
Place of publication, distribution, etc. RUA
Name of publisher, distributor, etc. phnom penh
Date of publication, distribution, etc. 1994
300 ## - PHYSICAL DESCRIPTION
Extent 62p.
Dimensions ill.
Size of unit 29cm.
942 ## - ADDED ENTRY ELEMENTS (KOHA)
Source of classification or shelving scheme
Koha item type AGR
Holdings
Price effective from Date last seen Permanent Location Not for loan Date acquired Source of classification or shelving scheme Koha item type Barcode Lost status Damaged status Withdrawn status Current Location Full call number
2015-09-092015-09-09Library Block B 2015-09-09 AGRRUA003839   Library Block BAGR ប៉ាន់​ 1994 B008 Or.1
2015-09-092015-09-09Library Block B 2015-09-09 AGRRUA003690   Library Block BAGR ប៉ាន់​ 1994 B008 Or.2
2015-09-092015-09-09Library Block B 2015-09-09 AGRRUA003912   Library Block BAGR ប៉ាន់​ 1994 B008 Or.3
2015-09-092015-09-09Library Block B 2015-09-09 AGRRUA003834   Library Block BAGR ប៉ាន់​ 1994 B008 Or.4
2015-09-092015-09-09Library Block B 2015-09-09 AGRA03616   Library Block BAGR ប៉ាន់​ 1994 B008 Or.5
មជ្ឈមណ្ឌលឯការនៃសាកលវិទ្យាល័យភូមិន្ទកសិកម្មចំការដូង

Powered by Koha